Napoleonic Nations by Flag - Statistics

General Stats
  • This quiz has been taken 159 times
  • The average score is 10 of 16
Answer Stats
Picture Answer % Correct
France
99%
Russia
99%
United Kingdom
99%
Denmark-Norway
92%
Austria
91%
Prussia
89%
Sweden
88%
Spain
80%
Bavaria
74%
Italy
58%
Naples
34%
Spain
34%
Baden
26%
Westphalia
19%
Wurttemberg
18%
Frankfurt
7%
No matching quizzes found
Score Distribution
Percent of People with Each Score
Percentile by Number Answered
Your Score History
You have not taken this quiz